| 000 | 00393nam a2200181Ia 4500 | ||
|---|---|---|---|
| 001 | 21332 | ||
| 005 | 20260306172911.0 | ||
| 008 | 260306t2006||||xx |||||||||||||| ||spa|| | ||
| 041 | _aESP | ||
| 082 |
_a344.528 _bB24 |
||
| 100 |
_aBarbero, Omar U. _eAUT |
||
| 245 | 0 | _aAbuso del derecho | |
| 260 | _c2006 | ||
| 300 |
_a _c |
||
| 650 | _aGEN | ||
| 654 | _aCDE | ||
| 942 |
_cLIB _dJUS _fJUS _2ddc _n |
||
| 999 |
_c21332 _d21332 |
||